000 01408nam a2200385 i 4500
001 44130
003 KOSZ 005
005 20200211081145.0
008 001010s1998 pl f f |000 0 pol d
020 _a8386644176
040 _cBPK
041 0 _apol
080 _a004.436(07)
100 1 _aWrona, Włodzimierz
_d(1912-1988)
_eAutor
245 1 0 _aVHDL - język opisu i projektowania układów cyfrowych /
_cWłodzimierz Wrona.
260 _aGliwice :
_bWydaw. Pracowni Komputerowej Jacka Skalmierskiego,
_c1998.
300 _a264 s. :
_bil. ;
_c24 cm.
336 _2rdacontent
_aTekst
_btxt
337 _2rdamedia
_aBez urządzenia pośredniczącego
_bn
338 _2rdacarrier
_aWolumin
_bnc
380 _aKsiążki
380 _aPublikacje dydaktyczne
385 _mPoziom nauczania
_aSzkoły wyższe
388 _a1901-2000
388 _a1989-2000
521 _aPodręcznik akademicki, dla projektantów układów cyfrowych i studentów kierunków Informatyka, Elektronika i Telekomunikacja.
650 7 _aVHDL (język programowania)
650 7 _aUkład cyfrowy
650 7 _aProjektowanie
655 7 _aPodręczniki akademickie
658 _aInformatyka i technologie informacyjne
658 _aInżynieria i technika
856 _uhttp://koha.tu.koszalin.pl/cgi-bin/koha/opac-detail.pl?biblionumber=44130
_yKatalog online BPK
942 _cKS
_2UKD
999 _c44130
_d44130